La piaga e la cura: poveri e ammalati, medici e monaci nell'Anatolia rurale tardoantica

Guardat en:
Dades bibliogràfiques
Autor principal: Cassia, Margherita (Autor)
Format: Llibre
Idioma:italià
Publicat: Roma Bonanno Editore 2009
Edició:1a. ed
Col·lecció:Storia e Politica, 42
Matèries:
Etiquetes: Afegir etiqueta
Sense etiquetes, Sigues el primer a etiquetar aquest registre!

MARC

LEADER 00000cam a2200000 a 4500
001 UCD9232
003 CL-VaPUC
008 170609e20090000it |||||||||||||||||ita|d
082 0 4 |a 930.3  |b CAS  |2 21 
100 0 |a Cassia, Margherita  |e author  |9 592939 
245 1 3 |a La piaga e la cura: poveri e ammalati, medici e monaci nell'Anatolia rurale tardoantica 
250 |a 1a. ed 
300 |a 173 p 
942 |c BK 
945 |d 20170609 16:51:00  |a dcastane 
260 |a Roma  |b Bonanno Editore  |c 2009 
650 0 |a Historia antigua  |9 267521 
650 0 |a Historia de ciudades   |9 445863 
650 0 |a Ciudades antiguas  |9 322407 
650 7 |a HISTORIA DE LA MEDICINA  |2 CL-VaPUC  |9 458623 
583 |a last modification  |c 20170609 16:51:00  |k Rodrigo Vera 
490 0 |a Storia e Politica, 42 
999 |c 368485  |d 368483 
952 |0 0  |1 0  |3 erb  |4 0  |6 930_300000000000000_CAS_2009  |7 0  |8 A  |9 483818  |a FDOLAF  |b FDOLAF  |e Laffi, Umberto, 1939-  |i 5396832  |o 930.3 CAS 2009  |p 5396832  |r 2024-01-30  |w 2019-11-24  |y BK  |z Catalogado en:20170609  |k LAF